[Event "33rd Rilton Cup"]
[Site "Stockholm SWE"]
[Date "2004.01.05"]
[Round "9.18"]
[White "Milanovic, Danilo"]
[Black "Eriksson, Johan"]
[Result "1-0"]
[WhiteElo "2446"]
[BlackElo "2414"]
[EventDate "2003.12.27"]
[PlyCount "81"]

1.Nf3 Nf6 2.c4 g6 3.b3 Bg7 4.Bb2 O-O 5.d3 d6 6.Nbd2 e5 7.e3 Nc6 8.a3 a5 9.
Qc2 Re8 10.Be2 Nd7 11.h4 Nf6 12.Ne4 h5 13.O-O-O Bd7 14.Nfd2 b5 15.Nxf6+ 
Bxf6 16.g4 hxg4 17.h5 g5 18.Rdg1 bxc4 19.bxc4 Qc8 20.f3 Rb8 21.fxg4 Qa6 
22.Rf1 Be7 23.d4 Rxb2 24.Kxb2 Rb8+ 25.Ka1 Nb4 26.axb4 axb4+ 27.Qa2 Qb7 28.
Kb2 Ra8 29.Qb1 Qa7 30.Nb3 d5 31.c5 exd4 32.exd4 f5 33.Kc2 Bf6 34.Kd2 Bxd4 
35.Nxd4 Qxc5 36.Qb2 b3 37.Ra1 Re8 38.h6 Kh7 39.Bd3 Qd6 40.Nxf5 Qb4+ 41.Qc3
1-0

[Event "33rd Rilton Cup"]
[Site "Stockholm SWE"]
[Date "2004.01.05"]
[Round "9.20"]
[White "Fries-Nielsen, Jens Ove"]
[Black "Soderberg, Per"]
[Result "0-1"]
[WhiteElo "2436"]
[BlackElo "2254"]
[EventDate "2003.12.27"]
[PlyCount "78"]

1.Nf3 d5 2.e3 Nf6 3.b3 g6 4.Bb2 Bg7 5.c4 c6 6.Be2 O-O 7.O-O Nbd7 8.Nc3 Ne4
9.Qc2 Ndf6 10.Na4 Bg4 11.d3 Nd6 12.Rac1 b5 13.cxb5 cxb5 14.Nc5 Rc8 15.b4 
a5 16.a3 a4 17.Ne5 Bxe2 18.Qxe2 Re8 19.g4 h5 20.h3 hxg4 21.hxg4 Nh7 22.f4 
Nf8 23.Qg2 e6 24.g5 Nf5 25.Ng4 Nh7 26.Bxg7 Kxg7 27.Qb2+ d4 28.e4 Nxg5 29.
exf5 Nh3+ 30.Kg2 exf5 31.Ne5 Rxe5 32.fxe5 Qg5+ 33.Kh1 Rh8 34.Ne6+ fxe6 35.
Rc7+ Kh6 36.Qxd4 Qg3 37.Rc2 Kg5 38.Rh2 Qxh2+ 39.Kxh2 Nf4+ 0-1

[Event "33rd Rilton Cup"]
[Site "Stockholm SWE"]
[Date "2004.01.05"]
[Round "9.21"]
[White "Poley, Vladimir"]
[Black "Malysheva, Polina"]
[Result "0-1"]
[WhiteElo "2425"]
[BlackElo "2157"]
[EventDate "2003.12.27"]
[PlyCount "186"]

1.g3 d5 2.d4 e6 3.Bg2 c5 4.e3 Nc6 5.Ne2 Nf6 6.Nbc3 Be7 7.O-O O-O 8.a4 b6 
9.h4 Bb7 10.Nf4 Bd6 11.Nh3 Qd7 12.g4 cxd4 13.exd4 e5 14.g5 Ne4 15.Nxe4 
dxe4 16.d5 Nd4 17.c3 Nf3+ 18.Bxf3 exf3 19.Qxf3 e4 20.Qg2 Qf5 21.Kh1 Bxd5 
22.Rd1 Rad8 23.Be3 Be6 24.Ng1 Qg6 25.Rd2 Qh5 26.Qxe4 Bg4 27.Rd4 Qxh4+ 28.
Kg2 Qh2+ 29.Kf1 Bc8 30.Rad1 Rde8 31.Qh4 Qxh4 32.Rxh4 Be5 33.a5 Ba6+ 34.Kg2
Bb7+ 35.Kf1 bxa5 36.Rd7 Rb8 37.f4 Ba6+ 38.Ke1 Bc8 39.Rd2 Bc7 40.Bxa7 Rb7 
41.Bd4 Be6 42.Ne2 Rfb8 43.c4 Bxc4 44.Ng3 Re8+ 45.Kf2 Bb6 46.Bxb6 Rxb6 47.
f5 Rb4 48.Re4 Reb8 49.Rc2 Bd3 50.Rxb4 axb4 51.Rd2 Bb1 52.b3 g6 53.fxg6 
hxg6 54.Ke3 Rc8 55.Ne2 Bc2 56.Nd4 Rc3+ 57.Kf4 Bxb3 58.Rb2 Rc4 59.Ke5 Bd1 
60.Rb1 Bh5 61.Kd5 Rc3 62.Ke5 Kg7 63.Rxb4 Rg3 64.Rb7 Rxg5+ 65.Kf4 Ra5 66.
Nb5 Ra4+ 67.Ke5 Rb4 68.Nd6 Rxb7 69.Nxb7 f6+ 70.Kf4 Bd1 71.Nd6 Ba4 72.Ne4 
Bd7 73.Kg3 g5 74.Nc5 Bc8 75.Ne4 Kg6 76.Nd6 Bd7 77.Nc4 Bc6 78.Kf2 Bd5 79.
Ne3 Bb7 80.Nc4 f5 81.Ne5+ Kh5 82.Kg3 f4+ 83.Kh3 g4+ 84.Kh2 Be4 85.Nc4 Kh4 
86.Nd2 Bd5 87.Nb1 g3+ 88.Kg1 f3 89.Nd2 f2+ 90.Kf1 Bc6 91.Nf3+ Kh3 92.Ng5+ 
Kg4 93.Ne4 Bb5+ 0-1

[Event "33rd Rilton Cup"]
[Site "Stockholm SWE"]
[Date "2004.01.05"]
[Round "9.23"]
[White "Norberg, Johan"]
[Black "Carstensen, Jacob"]
[Result "1/2-1/2"]
[WhiteElo "2176"]
[BlackElo "2280"]
[EventDate "2003.12.27"]
[PlyCount "28"]

1.e4 c5 2.Nf3 d6 3.c3 Nf6 4.h3 Nc6 5.Bd3 e6 6.Bc2 Qc7 7.d4 cxd4 8.cxd4 Nb4
9.Ba4+ Bd7 10.Bxd7+ Nxd7 11.Nc3 Qc4 12.Qe2 Rc8 13.Qxc4 Rxc4 14.Ke2 Nb6 
1/2-1/2

[Event "33rd Rilton Cup"]
[Site "Stockholm SWE"]
[Date "2004.01.05"]
[Round "9.26"]
[White "Edlund, Robin"]
[Black "Henriksson, Jacob"]
[Result "1/2-1/2"]
[WhiteElo "2227"]
[BlackElo "2187"]
[EventDate "2003.12.27"]
[PlyCount "82"]

1.e4 e5 2.f4 exf4 3.Nf3 d5 4.exd5 Bd6 5.Bc4 Ne7 6.O-O O-O 7.d4 Nd7 8.Nc3 
a6 9.Bb3 b5 10.Ne4 Nb6 11.Nfg5 h6 12.Nxd6 hxg5 13.Nxc8 Rxc8 14.Qh5 Nexd5 
15.h4 Qf6 16.c3 Qh6 17.Qxg5 Qxg5 18.hxg5 Rce8 19.Bxf4 Re2 20.Bc1 Nc4 21.
Bd1 Re6 22.Bf3 c6 23.a4 b4 24.Bxd5 cxd5 25.cxb4 Rb8 26.b3 Ne3 27.Bxe3 Rxe3
28.Rf5 Rxb4 29.Rxd5 Rbxb3 30.Rf1 Re7 31.Rf2 Rd3 32.Rd6 Re4 33.Rxa6 Rdxd4 
34.Ra2 Re5 35.a5 Rxg5 36.Ra8+ Kh7 37.Rb8 Rdd5 38.a6 Ra5 39.Rbb2 Rgb5 40.
Rf2 Rb1+ 41.Kh2 Ra1 1/2-1/2

[Event "33rd Rilton Cup"]
[Site "Stockholm SWE"]
[Date "2004.01.05"]
[Round "9.27"]
[White "Andersson, Fredrik"]
[Black "Kosmo, Santul"]
[Result "1-0"]
[WhiteElo "2164"]
[BlackElo "2218"]
[EventDate "2003.12.27"]
[PlyCount "65"]

1.e4 c5 2.Nc3 Nc6 3.f4 g6 4.Nf3 Bg7 5.Bb5 Nd4 6.O-O Nxb5 7.Nxb5 d5 8.e5 
Bg4 9.d4 a6 10.Nc3 cxd4 11.Ne2 e6 12.Nexd4 Ne7 13.Be3 O-O 14.h3 Bxf3 15.
Qxf3 Rc8 16.c3 Nc6 17.Rae1 Nxd4 18.Bxd4 Qd7 19.Qe3 Qb5 20.Rf2 Rfe8 21.g4 
Qc4 22.a3 b5 23.h4 Qc7 24.h5 Qe7 25.Qh3 Rc6 26.Rh2 g5 27.h6 Bf8 28.Qh5 
gxf4 29.Rf1 f5 30.gxf5 Kh8 31.Rg2 Rc4 32.f6 Qd7 33.f7 1-0

[Event "33rd Rilton Cup"]
[Site "Stockholm SWE"]
[Date "2004.01.05"]
[Round "9.29"]
[White "Hjelm, Niclas"]
[Black "Miloradovic, Jelena"]
[Result "1/2-1/2"]
[WhiteElo "2350"]
[BlackElo "2149"]
[EventDate "2003.12.27"]
[PlyCount "75"]

1.d4 e6 2.c4 Bb4+ 3.Nd2 d5 4.e3 c6 5.Nf3 Nf6 6.Bd3 O-O 7.O-O Nbd7 8.b3 Bc3
9.Rb1 e5 10.dxe5 Nxe5 11.Nxe5 Bxe5 12.Nf3 dxc4 13.bxc4 Bc7 14.Ba3 Re8 15.
Qc2 Bd6 16.c5 Bf8 17.Ng5 g6 18.Rfd1 Qe7 19.h3 Bh6 20.Nf3 Be6 21.Bb2 Bg7 
22.Be5 Bd5 23.Bd6 Qd7 24.Ne5 Qc8 25.e4 Nxe4 26.Bxe4 Bxe5 27.Bxd5 cxd5 28.
Qb3 d4 29.Qxb7 Qxb7 30.Rxb7 Rad8 31.Bxe5 Rxe5 32.c6 Rc5 33.c7 Rc8 34.Rxa7 
R8xc7 35.Rxc7 Rxc7 36.Rxd4 Rc1+ 37.Kh2 Rc2 38.Kg3 1/2-1/2

[Event "33rd Rilton Cup"]
[Site "Stockholm SWE"]
[Date "2004.01.05"]
[Round "9.30"]
[White "Lappalainen, Tommy"]
[Black "Netzer, Jean"]
[Result "1/2-1/2"]
[WhiteElo "2194"]
[BlackElo "2268"]
[EventDate "2003.12.27"]
[PlyCount "24"]

1.c4 g6 2.g3 Bg7 3.Bg2 c5 4.Nc3 e6 5.e3 Ne7 6.Nge2 Nbc6 7.O-O O-O 8.d4 
cxd4 9.Nxd4 Nxd4 10.exd4 d5 11.cxd5 Nxd5 12.Nxd5 exd5 1/2-1/2

[Event "33rd Rilton Cup"]
[Site "Stockholm SWE"]
[Date "2004.01.05"]
[Round "9.31"]
[White "Palmblad, Jan-Peter"]
[Black "Malmstig, Erik"]
[Result "0-1"]
[WhiteElo "2187"]
[BlackElo "2277"]
[EventDate "2003.12.27"]
[PlyCount "64"]

1.e4 d6 2.d4 Nf6 3.Nc3 g6 4.h3 Bg7 5.Be3 O-O 6.Qd2 c6 7.Nf3 d5 8.e5 Ne4 9.
Nxe4 dxe4 10.Ng5 c5 11.Bc4 cxd4 12.Nxf7 Rxf7 13.Bxf7+ Kxf7 14.Bxd4 Kg8 15.
O-O-O Nc6 16.Qe3 Qd5 17.Bc3 Qxa2 18.g4 Be6 19.Qxe4 Rc8 20.f4 a5 21.Rd3 Nb4
22.Bxb4 axb4 23.Rhd1 Qa1+ 24.Kd2 Qxb2 25.Ke3 Rxc2 26.Qxb7 Bf8 27.Qf3 Rc3 
28.f5 Bh6+ 29.Ke4 Rc4+ 30.Rd4 Qc2+ 31.Rd3 Rxd4+ 32.Kxd4 Qc4# 0-1

[Event "33rd Rilton Cup"]
[Site "Stockholm SWE"]
[Date "2004.01.05"]
[Round "9.33"]
[White "Miskulin, Dennis"]
[Black "Lehikoinen, Pertti"]
[Result "1-0"]
[WhiteElo "2156"]
[BlackElo "2235"]
[EventDate "2003.12.27"]
[PlyCount "45"]

1.e4 c5 2.Nf3 d6 3.d4 cxd4 4.Qxd4 Nc6 5.Bb5 Bd7 6.Bxc6 Bxc6 7.Nc3 e6 8.Bg5
Nf6 9.O-O-O Be7 10.Rhe1 O-O 11.Qd2 Qc7 12.Nd4 Rfd8 13.f3 a6 14.Kb1 b5 15.
Nxc6 Qxc6 16.Ne2 a5 17.Nd4 Qb7 18.Qd3 Nxe4 19.Bxe7 Nc5 20.Qd2 Qxe7 21.Nc6 
Qf6 22.Nxd8 Rxd8 23.Qxa5 1-0

[Event "33rd Rilton Cup"]
[Site "Stockholm SWE"]
[Date "2004.01.05"]
[Round "9.34"]
[White "Loenngren, Tobias"]
[Black "Marttala, Thomas"]
[Result "0-1"]
[WhiteElo "2155"]
[BlackElo "2227"]
[EventDate "2003.12.27"]
[PlyCount "79"]

1.d4 Nf6 2.Nf3 g6 3.c4 Bg7 4.Nc3 c5 5.d5 d6 6.g3 O-O 7.Bg2 e6 8.O-O exd5 
9.cxd5 a6 10.a4 Re8 11.Nd2 Nbd7 12.Nc4 Ne5 13.Na3 Nh5 14.h3 Rb8 15.Kh2 f5 
16.f4 Nf7 17.Qd3 Bd7 18.Bd2 Nf6 19.Rab1 b5 20.axb5 axb5 21.Naxb5 Ne4 22.
Na7 Qb6 23.Nc6 Bxc6 24.dxc6 Qxc6 25.e3 d5 26.Rfc1 c4 27.Qc2 Nfd6 28.Nxe4 
Nxe4 29.b3 c3 30.Be1 Rbc8 31.b4 Qb5 32.Rd1 Kf8 33.Rd3 Rc4 34.Rbd1 Rxb4 35.
Rxd5 Qc6 36.Rd6 Qc4 37.Rd8 Rb2 38.R1d4 Bxd4 39.Rxe8+ Kxe8 40.Qd1 0-1

[Event "33rd Rilton Cup"]
[Site "Stockholm SWE"]
[Date "2004.01.05"]
[Round "9.36"]
[White "Paaske, Asger"]
[Black "Agafonovs, Jurijs"]
[Result "1/2-1/2"]
[WhiteElo "2162"]
[BlackElo "2213"]
[EventDate "2003.12.27"]
[PlyCount "48"]

1.e4 c6 2.d4 d5 3.e5 g6 4.h4 h5 5.Bd3 c5 6.c3 Nc6 7.Ne2 Bg4 8.f3 Bf5 9.
Bxf5 gxf5 10.e6 fxe6 11.Nf4 cxd4 12.Nxe6 Qd6 13.Nxf8 O-O-O 14.Bf4 e5 15.
Bg3 Qxf8 16.cxd4 f4 17.Bf2 e4 18.fxe4 dxe4 19.O-O Nf6 20.Nc3 e3 21.Be1 
Rxd4 22.Qb3 Rg8 23.Nb5 Qg7 24.g3 Qxg3+ 1/2-1/2

[Event "33rd Rilton Cup"]
[Site "Stockholm SWE"]
[Date "2004.01.05"]
[Round "9.38"]
[White "Forsberg, Viktor"]
[Black "Andersson, Bjoern"]
[Result "1-0"]
[WhiteElo "2153"]
[BlackElo "2212"]
[EventDate "2003.12.27"]
[PlyCount "101"]

1.c4 Nf6 2.g3 c5 3.Bg2 Nc6 4.Nf3 d6 5.O-O Be6 6.d3 Qc8 7.Re1 Bh3 8.Bh1 h5 
9.Bg5 Ng4 10.Nc3 f6 11.Bd2 g5 12.Nd5 h4 13.e4 Nge5 14.Nxe5 Nxe5 15.Qe2 
hxg3 16.fxg3 Bg4 17.Qf1 Bh3 18.Qe2 Bg7 19.Bc3 f5 20.exf5 Bxf5 21.Be4 Bxe4 
22.Qxe4 Qh3 23.Re2 Kd7 24.Rf1 Raf8 25.Rff2 g4 26.Nf4 Rxf4 27.Qxb7+ Kd8 28.
Rxf4 Bf6 29.Qd5 Nf3+ 30.Rxf3 gxf3 31.Qa8+ Qc8 32.Qxc8+ Kxc8 33.Rf2 Bxc3 
34.bxc3 Rf8 35.g4 Kd7 36.h3 e5 37.Kh2 d5 38.cxd5 c4 39.Kg3 cxd3 40.Rxf3 d2
41.Rd3 Rc8 42.Rxd2 Rxc3+ 43.Kg2 Kd6 44.g5 e4 45.h4 Ke5 46.d6 e3 47.d7 exd2
48.d8=Q Rc2 49.Kf3 Rxa2 50.Ke2 Kf5 51.Qf6+ 1-0

[Event "33rd Rilton Cup"]
[Site "Stockholm SWE"]
[Date "2004.01.05"]
[Round "9.39"]
[White "Estegaard, Thomas"]
[Black "Lindberg, Henrik"]
[Result "1/2-1/2"]
[WhiteElo "2105"]
[BlackElo "2208"]
[EventDate "2003.12.27"]
[PlyCount "145"]

1.e4 c5 2.Nf3 Nc6 3.d4 cxd4 4.Nxd4 g6 5.Nc3 Bg7 6.Nb3 Nf6 7.Be2 O-O 8.Be3 
d6 9.f4 Be6 10.g4 Na5 11.g5 Nd7 12.Qd2 Nc4 13.Bxc4 Bxc4 14.h4 Qc7 15.h5 
Rfc8 16.hxg6 hxg6 17.O-O-O Bxb3 18.axb3 Qa5 19.Kb1 Rc6 20.Nd5 Qxd2 21.Rxd2
Kf8 22.Rdh2 Rac8 23.Bxa7 e6 24.Nb6 Rxb6 25.Rh8+ Bxh8 26.Rxh8+ Ke7 27.Rxc8 
Rb4 28.Rc4 Rxc4 29.bxc4 b6 30.b4 Kd8 31.e5 dxe5 32.fxe5 Kc7 33.c5 b5 34.c4
Kc6 35.Kc2 Nxe5 36.cxb5+ Kxb5 37.Bb8 Nc6 38.Bd6 Nxb4+ 39.Kc3 Nc6 40.Kd3 
Kb4 41.Ke4 Kc4 42.Bf8 Kc3 43.Ke3 Kc4 44.Ke4 Kb5 45.Bd6 Kc4 46.Bf8 Kb5 47.
Bd6 Ka6 48.Bf8 Kb7 49.Bd6 Kc8 50.Bf8 Nb8 51.Bd6 Nc6 52.Bg3 Kd7 53.Bh2 Ke7 
54.Bd6+ Ke8 55.Kd3 Kd8 56.Ke4 Kd7 57.Bf8 Kc7 58.Bd6+ Kb7 59.Bf8 Nb8 60.Kd3
Nd7 61.Bd6 f5 62.gxf6 Nxf6 63.Be7 Nd7 64.Ke4 Kc6 65.Kf4 Kd5 66.Kg5 Ne5 67.
Kf6 Nd7+ 68.Kxg6 Nxc5 69.Kg5 e5 70.Kg4 e4 71.Kf4 Nd3+ 72.Ke3 Ne5 73.Bd8 
1/2-1/2

[Event "33rd Rilton Cup"]
[Site "Stockholm SWE"]
[Date "2004.01.05"]
[Round "9.40"]
[White "Ong, Kezli"]
[Black "Gustafsson, Stefan"]
[Result "1-0"]
[WhiteElo "2184"]
[BlackElo "1980"]
[EventDate "2003.12.27"]
[PlyCount "77"]

1.e4 e6 2.d3 d5 3.Nd2 Nf6 4.Ngf3 b6 5.g3 Bb7 6.Qe2 Be7 7.Bg2 c5 8.O-O Nc6 
9.c3 Qc7 10.h4 h6 11.Re1 O-O-O 12.a3 d4 13.e5 dxc3 14.bxc3 Nh7 15.Nc4 g5 
16.h5 Rhe8 17.a4 f5 18.a5 Nxa5 19.Nxa5 bxa5 20.Rb1 Ba6 21.c4 g4 22.Nh2 Bg5
23.Bb2 Kd7 24.Bc3 Rb8 25.Ra1 Bb7 26.Bxa5 Qc8 27.f4 Bd8 28.Bxd8 Rxd8 29.
Rxa7 Ke8 30.Rea1 Rd7 31.Nf1 Nf8 32.Bxb7 Rdxb7 33.Qg2 Nd7 34.Ne3 Rb2 35.Qf1
Qc6 36.R7a2 R2b3 37.Qe2 Rb1+ 38.Nf1 Qb7 39.Qc2 1-0

[Event "33rd Rilton Cup"]
[Site "Stockholm SWE"]
[Date "2004.01.05"]
[Round "9.42"]
[White "Janse, Love"]
[Black "Bellon Lopez, Juan Manuel"]
[Result "0-1"]
[WhiteElo "2152"]
[BlackElo "2423"]
[EventDate "2003.12.27"]
[PlyCount "92"]

1.e4 c5 2.f4 Nc6 3.Nf3 e6 4.Bb5 Nge7 5.O-O a6 6.Be2 g6 7.d3 Bg7 8.c3 O-O 
9.Na3 b6 10.Qe1 f5 11.e5 Nd5 12.Nc4 Ra7 13.Nd6 Bb7 14.c4 Ndb4 15.Qd1 Ne7 
16.a3 Bxf3 17.Bxf3 Nbc6 18.Be3 Qc7 19.d4 cxd4 20.Bxd4 g5 21.g3 g4 22.Bg2 
Nxd4 23.Qxd4 Nc8 24.Rfd1 Nxd6 25.Qxd6 Rc8 26.Bf1 Bf8 27.Qxc7 Rcxc7 28.Rd2 
h5 29.h4 Kf7 30.Kf2 a5 31.b3 Bc5+ 32.Ke2 Ke7 33.Kd3 d6 34.exd6+ Bxd6 35.
Re2 Kf6 36.Kc3 Re7 37.Rd2 Bc5 38.Raa2 e5 39.b4 Bd4+ 40.Kb3 a4+ 41.Kc2 Rad7
42.fxe5+ Bxe5 43.Rg2 Bc7 44.c5 bxc5 45.bxc5 Rd5 46.Kc3 Re4 0-1

[Event "33rd Rilton Cup"]
[Site "Stockholm SWE"]
[Date "2004.01.05"]
[Round "9.44"]
[White "Carlsson, Nils"]
[Black "Nystrom, Ragnar"]
[Result "1-0"]
[WhiteElo "2233"]
[BlackElo "2098"]
[EventDate "2003.12.27"]
[PlyCount "89"]

1.e4 e6 2.d3 d5 3.Nd2 Nf6 4.Ngf3 Be7 5.Be2 c5 6.O-O Nc6 7.c3 b5 8.a4 b4 9.
Re1 O-O 10.Qc2 bxc3 11.bxc3 Ba6 12.Ba3 Qc7 13.exd5 exd5 14.Nb3 Na5 15.Nxa5
Qxa5 16.Ne5 Rac8 17.Bf3 Qc7 18.Qd2 Bd6 19.d4 Rfd8 20.h3 h6 21.Qf4 cxd4 22.
cxd4 Bxa3 23.Rxa3 Qd6 24.Rae3 Rb8 25.Rc1 Rdc8 26.Rec3 Rxc3 27.Rxc3 Rc8 28.
Qc1 Rxc3 29.Qxc3 Kf8 30.Nc6 Bc4 31.Nxa7 Qb8 32.Nc6 Qb1+ 33.Kh2 Qa2 34.Qb4+
Kg8 35.Kg3 h5 36.h4 Be2 37.Ne5 Ne4+ 38.Bxe4 dxe4 39.Qb8+ Kh7 40.Qb7 Qa3+ 
41.Kh2 Bd3 42.Qxf7 Qxa4 43.Qxh5+ Kg8 44.Qf7+ Kh7 45.Qf5+ 1-0

[Event "33rd Rilton Cup"]
[Site "Stockholm SWE"]
[Date "2004.01.05"]
[Round "9.45"]
[White "Eriksson, Jorgen"]
[Black "Jantti, Petri"]
[Result "1-0"]
[WhiteElo "2217"]
[BlackElo "2087"]
[EventDate "2003.12.27"]
[PlyCount "69"]

1.d4 Nf6 2.Bg5 d5 3.Nd2 Nbd7 4.e3 e5 5.dxe5 Nxe5 6.Ngf3 Bd6 7.c4 Be6 8.
Qa4+ c6 9.cxd5 Bxd5 10.e4 Be6 11.Be2 Qc7 12.Bxf6 gxf6 13.Nd4 Bd7 14.Nf5 
Bxf5 15.exf5 Rg8 16.g3 a6 17.f4 Nd7 18.Qe4+ Be7 19.Nb3 Nb6 20.O-O-O Nd5 
21.Kb1 b5 22.Rc1 O-O-O 23.Bf3 Kb7 24.Rxc6 Kxc6 25.Rc1+ Kb7 26.Rxc7+ Kxc7 
27.a4 Rge8 28.axb5 axb5 29.Qd3 Nb4 30.Qxb5 Rb8 31.Qc4+ Kd7 32.Qxf7 Rec8 
33.Qe6+ Kd8 34.Nd4 Rc7 35.Qg8+ 1-0

[Event "33rd Rilton Cup"]
[Site "Stockholm SWE"]
[Date "2004.01.05"]
[Round "9.46"]
[White "Nygren, David"]
[Black "Azizi, Haroon"]
[Result "1-0"]
[WhiteElo "2186"]
[BlackElo "2122"]
[EventDate "2003.12.27"]
[PlyCount "81"]

1.e4 d5 2.exd5 Qxd5 3.Nc3 Qd6 4.d4 a6 5.Nf3 Nf6 6.h3 Bf5 7.Bc4 e6 8.Qe2 
Be7 9.Bg5 Nbd7 10.Bh4 Nb6 11.Bb3 Nbd5 12.Nxd5 Nxd5 13.Bg3 Qb4+ 14.Kf1 
O-O-O 15.c3 Qb6 16.Ne5 Rhf8 17.Kg1 g5 18.Qf3 Nf6 19.Re1 h5 20.Nc4 Qb5 21.
Re5 Nd5 22.Qxh5 f6 23.Re1 Kb8 24.Qd1 Qd7 25.Qf3 Rg8 26.Ne3 Bg6 27.Nxd5 
exd5 28.Bxd5 f5 29.Bxg8 Rxg8 30.Be5 Bf7 31.Qe3 Bd8 32.b3 f4 33.Qd3 Ka8 34.
c4 Bg6 35.Qc3 Bf5 36.d5 c6 37.Qd4 Be7 38.dxc6 Qxc6 39.Qd5 Qc8 40.Bd6 Rd8 
41.Rxe7 1-0

[Event "33rd Rilton Cup"]
[Site "Stockholm SWE"]
[Date "2004.01.05"]
[Round "9.49"]
[White "Andersson, Goran"]
[Black "Christensen, Esben"]
[Result "1-0"]
[WhiteElo "2194"]
[BlackElo "2083"]
[EventDate "2003.12.27"]
[PlyCount "55"]

1.e4 c5 2.Nf3 e6 3.d4 cxd4 4.Nxd4 Nf6 5.Nc3 d6 6.g4 a6 7.g5 Nfd7 8.h4 b5 
9.a3 Bb7 10.Be3 Qc7 11.h5 Nc6 12.Qd2 Rc8 13.O-O-O Nc5 14.Nxc6 Qxc6 15.f3 
Qc7 16.Kb1 Nd7 17.f4 Nb6 18.Bd4 h6 19.g6 fxg6 20.Bxb6 Qxb6 21.Bh3 Be7 22.
Bxe6 Rc5 23.hxg6 Bf6 24.e5 Be7 25.Rhf1 Kd8 26.exd6 Bf6 27.Qd3 b4 28.Na4 
1-0

[Event "33rd Rilton Cup"]
[Site "Stockholm SWE"]
[Date "2004.01.05"]
[Round "9.51"]
[White "Ask, Josef"]
[Black "Osttveit, Martin"]
[Result "1-0"]
[WhiteElo "2178"]
[BlackElo "2075"]
[EventDate "2003.12.27"]
[PlyCount "77"]

1.e4 g6 2.d4 Bg7 3.Nc3 d6 4.Be3 c6 5.Qd2 Qa5 6.f3 b5 7.g4 Nd7 8.Nge2 a6 9.
Bg2 c5 10.O-O Bb7 11.a4 b4 12.Nd1 Ngf6 13.Nf2 O-O 14.d5 Ne5 15.b3 Qc7 16.
Bh6 a5 17.Bxg7 Kxg7 18.g5 Ng8 19.f4 Nd7 20.c4 bxc3 21.Qxc3+ f6 22.Nd4 Qb6 
23.Ne6+ Kf7 24.Nxf8 Rxf8 25.Bh3 Ke8 26.gxf6 Ngxf6 27.Qe3 Qb4 28.Bg2 Ba6 
29.Rfd1 Nh5 30.Nh3 g5 31.Nxg5 Nxf4 32.Bf1 Bc8 33.Bb5 h6 34.Ne6 Rg8+ 35.Kh1
Ng2 36.Qxh6 Qxe4 37.Qh5+ Rg6 38.Qh8+ Kf7 39.Nd8# 1-0

[Event "33rd Rilton Cup"]
[Site "Stockholm SWE"]
[Date "2004.01.05"]
[Round "9.54"]
[White "Backman, Michael"]
[Black "Adler, Bo"]
[Result "1-0"]
[WhiteElo "2106"]
[BlackElo "2245"]
[EventDate "2003.12.27"]
[PlyCount "78"]

1.d4 d5 2.c4 Nc6 3.Nf3 Bg4 4.cxd5 Bxf3 5.dxc6 Bxc6 6.Nc3 Nf6 7.f3 e5 8.
dxe5 Qxd1+ 9.Nxd1 Bb4+ 10.Nc3 Nd5 11.Bd2 O-O-O 12.e4 Nxc3 13.bxc3 Ba5 14.
Rc1 Rhe8 15.Bf4 f6 16.exf6 gxf6 17.Kf2 Bb6+ 18.Kg3 Rg8+ 19.Kh4 f5 20.exf5 
Bf2+ 21.Kh3 Rdf8 22.Bc4 Rxf5 23.Be6+ Bd7 24.Bxf5 Bxf5+ 25.g4 Be6 26.Kg2 
Bc5 27.c4 Rd8 28.Bg5 Rd3 29.Rhd1 Rxd1 30.Rxd1 c6 31.Rc1 Kc7 32.h3 Kb6 33.
f4 Ka5 34.f5 Bf7 35.Kf3 Kb4 36.Be3 Bxe3 37.Kxe3 c5 38.Kd3 b6 39.Ke4 a6 1-0

[Event "33rd Rilton Cup"]
[Site "Stockholm SWE"]
[Date "2004.01.05"]
[Round "9.59"]
[White "Helin, Mikael"]
[Black "Elfstrom, Jorgen"]
[Result "0-1"]
[WhiteElo "1971"]
[BlackElo "2118"]
[EventDate "2003.12.27"]
[PlyCount "120"]

1.e4 e6 2.Nf3 d5 3.e5 c5 4.b4 c4 5.c3 a5 6.b5 Qb6 7.d4 Qxb5 8.Na3 Qc6 9.
Rb1 Na6 10.Ng5 h6 11.Nh3 Nc7 12.Nc2 b5 13.a3 Na6 14.Qf3 Rb8 15.Bd2 Ne7 16.
Be2 Qc7 17.O-O Nc6 18.Qg3 g6 19.f4 b4 20.axb4 axb4 21.Ne3 bxc3 22.Bxc3 
Rxb1 23.Rxb1 Bb4 24.Ng4 Bxc3 25.Nf6+ Kf8 26.Qxc3 Qa7 27.Rd1 Nc7 28.Bxc4 
dxc4 29.Qxc4 Ne7 30.Rc1 Ncd5 31.Nf2 Nxf4 32.N2e4 Ba6 33.Ra1 Bxc4 34.Rxa7 
Bd5 35.Nd6 Ne2+ 36.Kf2 Nxd4 37.g4 h5 38.g5 Ndf5 39.Rc7 Bc6 40.Nc8 Ba4 41.
Nd6 Kg7 42.Ra7 Bc6 43.Rc7 Nxd6 44.exd6 Nd5 45.Rxc6 Nxf6 46.Ke3 Nd7 47.Kd4 
f6 48.h4 fxg5 49.hxg5 Kf7 50.Rc7 Rd8 51.Ra7 Ke8 52.Ke4 Rb8 53.Ra2 Rb6 54.
Rd2 Rb4+ 55.Kf3 e5 56.Ke3 Rd4 57.Rxd4 exd4+ 58.Kxd4 Kf7 59.Kd5 Nf8 60.Ke5 
Ne6 0-1

[Event "33rd Rilton Cup"]
[Site "Stockholm SWE"]
[Date "2004.01.05"]
[Round "9.60"]
[White "Larsson, Victor"]
[Black "Krantz, Christopher"]
[Result "0-1"]
[WhiteElo "2116"]
[BlackElo "1919"]
[EventDate "2003.12.27"]
[PlyCount "76"]

1.e4 e6 2.d4 d5 3.Nc3 Bb4 4.e5 Qd7 5.Bd2 b6 6.a3 Bxc3 7.Bxc3 Ba6 8.Ne2 f5 
9.Qd2 c5 10.b4 Bxe2 11.Bxe2 cxd4 12.Bxd4 Nc6 13.Bb2 Nge7 14.O-O Qc7 15.c4 
O-O 16.cxd5 Nxd5 17.Rac1 Qb7 18.Rc4 Rac8 19.Rfc1 Nce7 20.Bf3 Rxc4 21.Rxc4 
Rc8 22.Rd4 Qc7 23.g4 g6 24.gxf5 gxf5 25.Rxd5 Nxd5 26.Bxd5 exd5 27.e6 h6 
28.Qxh6 Qh7 29.Qf6 Re8 30.Qg5+ Kf8 31.Qf6+ Kg8 32.f3 Re7 33.Be5 f4 34.Kf1 
Qh3+ 35.Ke1 Qxe6 36.Qh8+ Kf7 37.Qh5+ Qg6 38.Qh8 Qg1+ 0-1

[Event "33rd Rilton Cup"]
[Site "Stockholm SWE"]
[Date "2004.01.05"]
[Round "9.61"]
[White "Cleanthous, Demetris"]
[Black "Egeland, Marte"]
[Result "1/2-1/2"]
[WhiteElo "2091"]
[BlackElo "1990"]
[EventDate "2003.12.27"]
[PlyCount "96"]

1.Nf3 g6 2.d4 Bg7 3.Nbd2 d6 4.e4 Nd7 5.c3 c5 6.a4 Ngf6 7.Be2 O-O 8.O-O 
cxd4 9.Nxd4 Nc5 10.f3 b6 11.Bb5 Bb7 12.Qe2 Qc7 13.b4 Ncd7 14.Bb2 d5 15.Ba6
Bxa6 16.Qxa6 dxe4 17.Nxe4 Nxe4 18.fxe4 Nf6 19.Qe2 Nd7 20.Nb5 Qc6 21.Nd4 
Qc7 22.Nf3 Ne5 23.Nxe5 Bxe5 24.g3 Rac8 25.Rac1 Qc4 26.Qxc4 Rxc4 27.Rfe1 
Rfc8 28.Re3 Bd4 29.cxd4 Rxc1+ 30.Bxc1 Rxc1+ 31.Kg2 Rc4 32.Rb3 Rxd4 33.Kf3 
Rd2 34.a5 Rxh2 35.Rc3 bxa5 36.bxa5 Ra2 37.Rc7 Rxa5 38.Rxe7 Ra3+ 39.Kf4 a5 
40.e5 Rb3 41.Ra7 Rb5 42.Ra8+ Kg7 43.Ra7 Rb4+ 44.Kf3 Kf8 45.Rxa5 Ke7 46.Ra6
Rb3+ 47.Kf4 Rb4+ 48.Kf3 Rb3+ 1/2-1/2

[Event "33rd Rilton Cup"]
[Site "Stockholm SWE"]
[Date "2004.01.05"]
[Round "9.62"]
[White "Lardot, Derik"]
[Black "Johansson, Kent"]
[Result "1/2-1/2"]
[WhiteElo "2014"]
[BlackElo "2027"]
[EventDate "2003.12.27"]
[PlyCount "130"]

1.e4 c5 2.c3 Nf6 3.e5 Nd5 4.d4 e6 5.Bc4 Nb6 6.Bb3 cxd4 7.cxd4 d6 8.f4 dxe5
9.dxe5 Bb4+ 10.Bd2 Bxd2+ 11.Qxd2 O-O 12.Nc3 Qxd2+ 13.Kxd2 Bd7 14.Nf3 Bc6 
15.Ke2 Rd8 16.Rhd1 Na6 17.g3 Nc5 18.Bc2 Nd5 19.Nxd5 Bxd5 20.Nd4 Rac8 21.
Ke3 f6 22.exf6 gxf6 23.Rd2 a6 24.Rad1 Re8 25.Kf2 Be4 26.b4 Bxc2 27.Rxc2 
Ne4+ 28.Ke3 Rxc2 29.Nxc2 Nc3 30.Rd7 Nd5+ 31.Kd2 Re7 32.Rxe7 Nxe7 33.Kd3 
Kf7 34.Kd4 Ke8 35.Kc5 Nc8 36.Ne3 Kd7 37.g4 b6+ 38.Kd4 Nd6 39.h4 Nb5+ 40.
Kd3 Nd6 41.a4 b5 42.a5 Nf7 43.Ke4 Nd8 44.Nc2 Nc6 45.Kd3 f5 46.g5 e5 47.
fxe5 Nxe5+ 48.Ke3 Ke7 49.h5 Nc6 50.Kf4 Ke6 51.h6 Ne7 52.Nd4+ Kd5 53.Nxf5 
Ng6+ 54.Kg3 Kc4 55.Nh4 Nf8 56.Kg4 Kxb4 57.Kf5 Kc3 58.g6 hxg6+ 59.Nxg6 Nh7 
60.Ne7 b4 61.Nd5+ Kc4 62.Nxb4 Kxb4 63.Kg6 Nf8+ 64.Kf7 Nh7 65.Kg6 Nf8+ 
1/2-1/2

[Event "33rd Rilton Cup"]
[Site "Stockholm SWE"]
[Date "2004.01.05"]
[Round "9.63"]
[White "Bodin, Stefan"]
[Black "Asberg, Anders"]
[Result "0-1"]
[WhiteElo "2004"]
[BlackElo "1886"]
[EventDate "2003.12.27"]
[PlyCount "92"]

1.b3 d5 2.Bb2 Bf5 3.e3 Nd7 4.f4 Ngf6 5.Nf3 e6 6.Be2 c5 7.O-O Be7 8.c4 dxc4
9.bxc4 O-O 10.Nc3 Ne4 11.d3 Nxc3 12.Bxc3 h6 13.e4 Bh7 14.Rb1 b6 15.a4 Qc7 
16.g3 Bf6 17.Bxf6 Nxf6 18.Qc1 Rfd8 19.Kg2 Qc6 20.Ra1 Nd7 21.Qc3 Nb8 22.a5 
Na6 23.Ra3 Nb4 24.Rfa1 Rab8 25.axb6 axb6 26.Ra7 Qd6 27.R1a3 f6 28.Kf2 Nc6 
29.R7a4 Rd7 30.Ra8 Rxa8 31.Rxa8+ Rd8 32.Qa1 Nb4 33.Rxd8+ Qxd8 34.Qa3 Bg6 
35.g4 Be8 36.h4 Bc6 37.Qa1 Nxd3+ 38.Ke3 Nb4 39.Qc3 Qa8 40.e5 f5 41.g5 Qa2 
42.Qd2 Qb3+ 43.Kf2 Bxf3 44.Qd8+ Kh7 45.Bxf3 Nd3+ 46.Kg3 Qc2 0-1

[Event "33rd Rilton Cup"]
[Site "Stockholm SWE"]
[Date "2004.01.05"]
[Round "9.64"]
[White "Penttila, Tero"]
[Black "Johnsen, Sylvia"]
[Result "1-0"]
[WhiteElo "1983"]
[BlackElo "2102"]
[EventDate "2003.12.27"]
[PlyCount "86"]

1.e4 g6 2.d4 c6 3.Nc3 d5 4.e5 Bg7 5.f4 h5 6.Be3 Nh6 7.Nf3 Bg4 8.h3 Bxf3 9.
Qxf3 e6 10.Bd3 Nf5 11.Bf2 h4 12.Ne2 Bf8 13.c3 Nd7 14.b4 a5 15.b5 a4 16.O-O
c5 17.c4 dxc4 18.Bxf5 gxf5 19.d5 Qa5 20.dxe6 fxe6 21.Qxb7 Rb8 22.Qc6 Rh6 
23.Rab1 Be7 24.Rfd1 Rd8 25.b6 Qa6 26.Nc3 Qc8 27.Qxa4 Qb7 28.Qa7 Qc6 29.Qc7
Nb8 30.Rxd8+ Bxd8 31.Qxc6+ Nxc6 32.b7 Bc7 33.Bxc5 Rh8 34.Nb5 Bb8 35.a4 Rh7
36.Nd6+ Kd7 37.Nxc4 Rg7 38.a5 Na7 39.Bd6 Rg8 40.Nb6+ Kc6 41.Rc1+ Kb5 42.
Nd7 Nc6 43.Nxb8 Nxb8 1-0